Accelerated aging as vigor test for sunn hemp seeds (Registro n. 328727)
[ somente texto ]
| 000 -LÍDER | |
|---|---|
| fixed length control field | 02872nab a2200277 i 4500 |
| 003 - CÓDIGO MARC DA AGÊNCIA CATALOGADORA | |
| Campo de controle | BR-BrBNA |
| 005 - DATA E HORA DA ÚLTIMA ATUALIZAÇÃO | |
| Campo de controle | 20241119232344.0 |
| 008 - CAMPO DE TAMANHO FIXO | |
| fixed length control field | 241119b2017 bl.mr|pooa||| 00| 0 eng | |
| 040 ## - FONTE DA CATALOGAÇÃO | |
| Agência catalogadora | BR-BrBNA |
| Idioma da catalogação | eng |
| 072 ## - CATEGORIA AGRIS | |
| Código AGRIS | F03 |
| Código do objeto | 0550 |
| 100 ## - ENTRADA PRINCIPAL - NOME PESSOAL | |
| Nome pessoal | Silva, Clíssia Barboza da |
| 100 ## - ENTRADA PRINCIPAL - NOME PESSOAL | |
| Nome pessoal | Barbosa, Rafael Marani |
| 100 ## - ENTRADA PRINCIPAL - NOME PESSOAL | |
| Nome pessoal | Vieira, Roberval Daiton |
| 245 ## - TÍTULO PRINCIPAL | |
| Título principal | Accelerated aging as vigor test for sunn hemp seeds |
| 500 ## - NOTA GERAL | |
| Nota geral | Publicação on-line; 25 ref.; 3 tables; Sumaries (En, Pt) |
| 942 ## - ADDED ENTRY ELEMENTS (KOHA) | |
| Koha item type | Analítica |
| 520 ## - NOTA DE RESUMO | |
| Nota de conteúdo | <br/><br/>ABSTRACT - This study aimed to determine the most appropriate method to assess the sunn hemp (Crotalaria juncea L.) seed vigor in the accelerated aging test. Five seed lots from harvest 2007/2008 were evaluated for germination, vigor and seedling emergence in the field. Accelerated aging test was performed at 41°C during 48, 72 and 96 hours, with and without sodium chloride saturated solution. Then, the promising procedure was also performed for 2008/2009 and 2009/2010 harvests. In the traditional accelerated aging test, the no-uniform water acquisition by the seeds adversely affected results. Accelerated aging test with sodium chloride saturated solution is the most appropriate method to evaluate the physiological potential of sunn hemp seeds, and the combination of 41°C and 96 hours is efficient for separating of seed lots in different vigor levels.<br/><br/>Key words: Crotalaria juncea L., forage crop, physiological potential, germination, standization. |
| 520 ## - NOTA DE RESUMO | |
| Nota de conteúdo | <br/><br/>RESUMO - Esta pesquisa objetivou determinar os procedimentos mais adequados para avaliação do vigor de sementes de crotalária (Crotalaria juncea L.) pelo teste de envelhecimento acelerado. Para tanto, cinco lotes de sementes foram avaliados quanto à germinação, vigor e emergência de plântulas em campo. O procedimento do teste de envelhecimento acelerado foi testado com 41°C durante 48, 72 e 96 horas, com e sem o uso de solução saturada de cloreto de sódio. O envelhecimento acelerado com o uso de solução saturada de cloreto de sódio é o método mais adequado para avaliação do potencial fisiológico de sementes de crotalária, sendo a combinação 41°C e 96 horas eficiente na classificação de lotes em diferentes níveis de vigor. <br/><br/>Palavras-chave: Crotalaria juncea L., forrageira, potencial fisiológico, germinação, padronização. |
| 650 ## - ASSUNTO - THESAGRO | |
| Cabeçalho tópico ou nome geográfico | CÂNHAMO DA ÍNDIA |
| 650 ## - ASSUNTO - THESAGRO | |
| Cabeçalho tópico ou nome geográfico | TESTE DE SEMENTES |
| 650 ## - ASSUNTO - THESAGRO | |
| Cabeçalho tópico ou nome geográfico | GERMINAÇÃO |
| 650 ## - ASSUNTO - THESAGRO | |
| Cabeçalho tópico ou nome geográfico | NORMALIZAÇÃO |
| 773 0# - ENTRADA ANALÍTICA | |
| Host Biblionumber | 2408 |
| Registro do item | 346527 |
| Imprenta | Santa Maria-RS Universidade Federal de Santa Maria - Centro de Ciências Rurais 1991 |
| Outro identificador | 2024-7198 |
| Título | Ciência Rural (Brazil) |
| ISSN | 0103-8478 Versão online ISSN 1678-4596 |
| Colação | v. 47(1) p. 1 - 6; (2017) |
| Número de controle de registro | BR2024003451 |
| 856 ## - ACESSO E ENDEREÇO ELETRÔNICO | |
| Identificador uniforme de recurso - URI | https://www.scielo.br/j/cr/a/SyB44YbLtVJQ4JSdSWSC3zq/?format=pdf&lang=en |
Nenhum exemplar disponível.

BINAGRI